Bach To Beatles (Record no. 98872)

MARC details
000 -LEADER
fixed length control field 02603njm a2200469Ia 4500
001 - CONTROL NUMBER
control field 24662
003 - CONTROL NUMBER IDENTIFIER
control field IT-RoPAU
005 - DATE AND TIME OF LATEST TRANSACTION
control field 20220918181109.0
008 - FIXED-LENGTH DATA ELEMENTS--GENERAL INFORMATION
fixed length control field 131025s9999 xx 000 0 und d
040 ## - CATALOGING SOURCE
Original cataloging agency IT-RoPAU
040 ## - CATALOGING SOURCE
Transcribing agency IT-RoPAU
999 ## - SYSTEM CONTROL NUMBERS (KOHA)
Koha Dewey Subclass [OBSOLETE] n.d.
100 ## - MAIN ENTRY--PERSONAL NAME
Personal name AA.VV.
9 (RLIN) 794
100 ## - MAIN ENTRY--PERSONAL NAME
Relator term Autore musica
9 (RLIN) 11445
100 ## - MAIN ENTRY--PERSONAL NAME
Miscellaneous information Codice autore musica SPICS: 12000
9 (RLIN) 796
245 ## - TITLE STATEMENT
Title Bach To Beatles
250 ## - EDITION STATEMENT
Edition statement 1a ed.
260 ## - PUBLICATION, DISTRIBUTION, ETC. (IMPRINT)
Place of publication, distribution, etc. ITALIA
260 ## - PUBLICATION, DISTRIBUTION, ETC. (IMPRINT)
Name of publisher, distributor, etc. POLYDOR
Date of publication, distribution, etc. 1974 [1a Ed.:1974]
300 ## - PHYSICAL DESCRIPTION
Extent DISCO
300 ## - PHYSICAL DESCRIPTION
Dimensions 38 minuti (Testo: pag.)
500 ## - GENERAL NOTE
General note Musica strumentale. Arrangiamento di celebri brani dei Beatles e classici
505 ## - FORMATTED CONTENTS NOTE
Formatted contents note Bach's Toccata & Fuge (7:00) - On Persian Market (4:00) - American Patrol (3:00) - Kalinka (4:00) - Bye Bye Blackbird (2:00) - Cecilia (3:00) - Knock Three Times (4:00) - El condor pasa (4:00) - How do You Do (4:00) - Let the Sunshine In (3:00) - Yesterday (3:00) - Down By the Riverside (3:00)
650 ## - SUBJECT ADDED ENTRY--TOPICAL TERM
Topical term or geographic name as entry element ARRANGIAMENTO [DISCHI]
Relator term Codice MATERIA SPICS: 9950
9 (RLIN) 11446
700 ## - ADDED ENTRY--PERSONAL NAME
Personal name Last James
Miscellaneous information Codice interprete SPICS: 10976
Relator code Interprete
9 (RLIN) 11447
700 ## - ADDED ENTRY--PERSONAL NAME
Personal name Last James
Miscellaneous information Codice autore SPICS: 10976
Relator code Autore
9 (RLIN) 9404
700 ## - ADDED ENTRY--PERSONAL NAME
Personal name Bach Johann Sebastian
Miscellaneous information Codice autore musica SPICS: 9695
Relator term Autore musica
Name of part/section of a work Bach's Toccata & Fuge
9 (RLIN) 11448
700 ## - ADDED ENTRY--PERSONAL NAME
Personal name Ketelbey Albert
Miscellaneous information Codice autore musica SPICS: 8042
Relator term Autore musica
Name of part/section of a work On Persian Market
9 (RLIN) 11449
700 ## - ADDED ENTRY--PERSONAL NAME
Personal name Meacham
Miscellaneous information Codice autore musica SPICS: 14469
Relator term Autore musica
Name of part/section of a work American Patrol
9 (RLIN) 11450
700 ## - ADDED ENTRY--PERSONAL NAME
Personal name Anonimo
Miscellaneous information Codice autore musica SPICS: 2620
Relator term Autore musica
Name of part/section of a work Kalinka - El condor pasa - Down By the Riverside
9 (RLIN) 11451
700 ## - ADDED ENTRY--PERSONAL NAME
Personal name Dixon
Miscellaneous information Codice autore musica SPICS: 15738
Relator term Autore musica
Name of part/section of a work Bye Bye Blackbird
9 (RLIN) 11452
700 ## - ADDED ENTRY--PERSONAL NAME
Personal name Simon Paul
Miscellaneous information Codice autore musica SPICS: 11156
Relator term Autore musica
Name of part/section of a work Cecilia
9 (RLIN) 11453
700 ## - ADDED ENTRY--PERSONAL NAME
Personal name Levin
Miscellaneous information Codice autore musica SPICS: 15739
Relator term Autore musica
Name of part/section of a work Knock Three Times
9 (RLIN) 11454
700 ## - ADDED ENTRY--PERSONAL NAME
Personal name Brown
Miscellaneous information Codice autore SPICS: 20445
Relator term Autore musica
Name of part/section of a work Knock Three Times
9 (RLIN) 11455
700 ## - ADDED ENTRY--PERSONAL NAME
Personal name Hemert V.
Miscellaneous information Codice autore musica SPICS: 15740
Relator term Autore musica
Name of part/section of a work How do You Do
9 (RLIN) 11456
700 ## - ADDED ENTRY--PERSONAL NAME
Personal name Hoof V.
Miscellaneous information Codice autore SPICS: 15741
Relator term Autore
Name of part/section of a work How do You Do
9 (RLIN) 11457
700 ## - ADDED ENTRY--PERSONAL NAME
Personal name MacDermot Galt
Miscellaneous information Codice autore musica SPICS: 10994
Relator term Autore musica
Name of part/section of a work Let the Sunshine In
9 (RLIN) 11458
700 ## - ADDED ENTRY--PERSONAL NAME
Personal name Ragni G.
Miscellaneous information Codice autore SPICS: 14488
Relator term Autore musica
Name of part/section of a work Let the Sunshine In
9 (RLIN) 11459
700 ## - ADDED ENTRY--PERSONAL NAME
Personal name Lennon John
Miscellaneous information Codice autore musica SPICS: 13133
Relator term Autore musica
Name of part/section of a work Yesterday
9 (RLIN) 11460
700 ## - ADDED ENTRY--PERSONAL NAME
Personal name McCartney Paul
Relator code Codice autore SPICS: 8084
Relator term Autore musica
Name of part/section of a work Yesterday
9 (RLIN) 11461
942 ## - ADDED ENTRY ELEMENTS (KOHA)
Koha item type DISCHI
Source of classification or shelving scheme Dewey Decimal Classification
Holdings
Withdrawn status Lost status Damaged status Not for loan Home library Current library Date acquired Total Checkouts Full call number Date last seen Price effective from Koha item type Public note
    Buone Condizioni Not For Loan SPICS-MEDIATECA SPICS-MEDIATECA 25/10/2013   24662 25/10/2013 25/10/2013 DISCHI Progr. Ins.: 5357 / N.Vol.: 1 / Copie: 1 - Copia rara: n.d. / date import: 01.01.2014 - By Epidotti, Trombetti, Vaglietti
CREDITS: SOCIETA' SAN PAOLO Via A.Severo, 58 - ROMA (RM) & PERIODICI SAN PAOLO SRL Via Giotto, 36 MILANO & CISF Via Giotto, 36 MILANO & EDIZIONI SAN PAOLO SRL,  Piazza Soncino, 5 CINISELLO BALSAMO (MI) -- ITALY